000 00508nam a2200181Ia 4500
005 20250326124755.0
008 250326s9999 xx 000 0 und d
037 _aTextbook
040 _aFMSL
_beng
_cFMSL
041 _aeng
_2eng
084 _aX:89M L13
_qFMSL
100 _aWhitmore D A
_9737958
245 0 _aMeasurement and control of indirect work
_cWhitmore D A
260 _aLondon
_bLondon, Heinemann
_c1971
300 _a276p
942 _cTB
_hX:89M L13
999 _c1275142
_d1275142